000 00528nam a2200169 i 4500
001 64592
003 ES-MaACL
005 20230906165151.0
007 t|
008 031230s1960 sp ||||1| spa d
100 1 _aFontrodona Vilanova, Mariano.
_951652
245 1 0 _aCríticas y ensayos /
_cMariano Fontrodona Vilanova ; prólogo de Benito Paricio Barril.
260 _aBarcelona :
_bDalmau y Jover,
_c1960.
300 _a149 p. ;
_c18 cm.
700 1 _aParicio Barril, Benito.
_989125
852 _aES-MaACL
_jC-18810
_bR.45611
999 _c64592
_d64592